| 000 | 00811nam a22002177a 4500 | ||
|---|---|---|---|
| 999 |
_c16661 _d16661 |
||
| 003 | AR-CdUCM | ||
| 008 | 190504b ||||| |||| 00| 0 spa d | ||
| 040 |
_aMUNICIPALIDAD PROVINCIAL DEL CUSCO _cBIBLIOTECA MUNICIPAL DEL CUSCO |
||
| 082 |
_23ed. _a375.481 / _bT72 |
||
| 100 |
_aTorner, Eduardo M. _930553 |
||
| 245 | _aEl folklore en la escuela / | ||
| 260 |
_aBuenos Aires : _bLosada, _c1960. |
||
| 300 |
_a175 páginas ; _c19 cm. |
||
| 440 |
_aPublicaciones de la Revista de Pedagogía / La Escuela Activa. _936234 |
||
| 505 | _aContenido: Cuentos de encantamiento y prodigios -- Los tres perros -- Cuentos graciosos -- La mujer que comía poco -- Las truchas ... | ||
| 650 |
_aFolclore _93233 |
||
| 650 |
_aEducación _9460 |
||
| 650 |
_aCuentos _9217 |
||
| 942 |
_2ddc _cLIBROS |
||
| 945 |
_aachl _d2019-05-04 |
||